Football Player Career Path - Statistics

General Stats
  • This quiz has been taken 178 times
  • The average score is 9 of 10
Answer Stats
Question Answer % Correct
Career Path: Barcelona - Paris Saint Germain - Inter Miami Lionel Messi
100%
Career Path: Sporting CP- Manchester United - Real Madrid - Juventus - Manchester United - Al nassr Cristiano Ronaldo
99%
Career Path: Delta Warsaw - Legia Warsaw II - Znicz Pruszkow II - Znicz Pruszkow - Lech Poznan - Borussia Dortmund - Bayern Munich - Barcelona Robert Lewandowski
97%
Career Path: Fluminense - Rio Ave - Real Madrid (castilla) - Real Madrid - Monaco - Liverpool - Al-Ittihad Fabinho
96%
Career Path: Schalke 04 II - Schalke 04 - Werder Bremen - Real Madrid - Arsenal - Fenerbahce - Istanbul Basaksehir Mesut Ozil
95%
Career Path: Rosario Central - Benfica - Real Madrid - Manchester United - Paris Saint Germain - Juventus - Benfica Angel Di Maria
91%
Career Path: Saprissa - Albacete - Levante - Real Madrid - Paris Saint Germain - Nottingham Forest - Paris Saint Germain Keylor Navas
91%
Career Path: Real Sociedad - Atletico Madrid - Barcelona - Atletico Madrid Antoine Griezmann
89%
Career Path: AC Milan - Dijon - Lille - Monaco - Saint Etienne - Saint Etienne II - Borussia Dortmund - Arsenal - Barcelona - Chelsea - Marseille Pierre-Emerick Aubameyang
89%
Career Path: Schalke 04 II - Schalke 04 - Bayern Munich Manuel Neuer
83%
No matching quizzes found
Score Distribution
Percent of People with Each Score
Percentile by Number Answered
Your Score History
You have not taken this quiz